000 00296nam a22001337a 4500
008 171027b xxu||||| |||| 00| 0 eng d
020 _a9780073530673
041 _aeng
080 _a336
100 _a56
101 _afin
245 _aFINANCE APPLICATIONS & THEORY
_cCORNETT
942 _2udc
_cBK
999 _c36174
_d36174